000 01237nam0a2200361 4500
001 RU\NLR\bibl\121020
005 20260607044501.0
010 _a5-04-005035-6
_9118000
021 _aRU
_b2000-31346
_91471
035 _a(NLR Aleph) 000118516
090 _a674298
_c674298
100 _a20001012d2000 |||y0rusy50 ca
101 0 _arus
102 _aRU
105 _ay |||||||||
200 1 _aЖало Стрекозы
_e[Роман]
_fВладимир Николаев
210 _aМ.
_cЭКСМО-Пресс
_d2000
215 _a409,[1] с.
_d21
225 1 _aСерия "Черная кошка"
610 0 _aДетективные романы и рассказы (х. л.)
675 _a821.161.1-31Николаев
_v3
_zrus
686 _a17.82
_2rugasnti
686 _a84(2Рос=Рус)6-44
_2rubbk
686 _aШ6(2=Р)75-446
700 1 _4070
_7ca
_8rus
_aНиколаев
_bВ. Н.
_cавтор детективов
_f1948-
_gВладимир Николаевич
_96872
_3RU\NLR\auth\7723819
801 0 _aRU
_bRKP
_c20001012
_gPSBO
801 1 _aRU
_bRKP
_c20001012
801 2 _aRU
_bNLR
_c20051130
_grcr
852 _aNLR
_j2000-5/4252
942 _cBOOK
980 _aNB